Online
Catalog

Juicio a Fidel / (Record no. 21829)

MARC details
000 -CABECERA
campo de control de longitud fija 00781nam a2200181 a 4500
001 - NÚMERO DE CONTROL
campo de control 000022331
005 - FECHA Y HORA DE LA ÚLTIMA TRANSACCIÓN
campo de control 20240226143342.0
008 - DATOS DE LONGITUD FIJA--INFORMACIÓN GENERAL
campo de control de longitud fija 100927s1990 dr ac 001 0 spa d
040 ## - FUENTE DE LA CATALOGACIÓN
Centro catalogador/agencia de origen DO-SdBNP
Lengua de catalogación spa
Centro/agencia transcriptor BNPHU
082 ## - NÚMERO DE LA CLASIFICACIÓN DECIMAL DEWEY
Número de clasificación xxxx
Número de documento/Ítem M296j
049 ## - FONDOS LOCALES (OCLC)
Fondos de biblioteca BNPD
100 1# - ENTRADA PRINCIPAL--NOMBRE DE PERSONA
Nombre de persona Mañón, Melvin
9 (RLIN) 10427
245 10 - MENCIÓN DE TÍTULO
Título Juicio a Fidel /
Mención de responsabilidad, etc. Melvin Mañón, Juan Benemelis.
260 ## - PUBLICACIÓN, DISTRIBUCIÓN, ETC.
Lugar de publicación, distribución, etc. Santo Domingo :
Nombre del editor, distribuidor, etc. Editora Taller,
Fecha de publicación, distribución, etc. 1990.
300 ## - DESCRIPCIÓN FÍSICA
Extensión 228 P. ;
Dimensiones 21 cm.
505 2# - NOTA DE CONTENIDO CON FORMATO
Nota de contenido con formato Introducción - El juicio-- El anillo de los Nibelungos -- La noche de los cuchillos largos -- El cartel de la Habana -- La crisis política -- El poder totalitario de Fidel Castro -- La revolución traicionada -- La devacle del sistema -- Después de Ochoa -- Sin elegías en el ocaso.
700 1# - PUNTO DE ACCESO ADICIONAL--NOMBRE DE PERSONA
Nombre de persona Benemelis, Juan
9 (RLIN) 46089
Holdings
Estado de retiro Estado de pérdida No para préstamo Código de colección Localización permanente Ubicación/localización actual Ubicación en estantería Fecha de adquisición Número de inventario Total de préstamos Signatura topográfica completa Código de barras Fecha visto por última vez Precio válido a partir de Tipo de ítem Koha Nota pública Número de copia Restricciones de uso
    Excluido de préstamo Patrimonio Dominicano Patrimonio Dominicano Patrimonio Dominicano En catalogación 27.09.2010 LF1   xxxx M296j 22331-10 25.06.2020 25.06.2020 Libro y Folleto Colección Patrimonio Dominicano Perteneció a la biblioteca personal de Germán Emilio Ornes.    
    Excluido de préstamo Patrimonio Dominicano Patrimonio Dominicano Patrimonio Dominicano En catalogación 18.07.2011 LF1   xxxx M296j 22331-20 25.06.2020 25.06.2020 Libro y Folleto Colección Patrimonio Dominicano   e. 2  
      Dominicana de Servicio Patrimonio Dominicano Patrimonio Dominicano En catalogación 25.06.2013 LF1   xxxx M296j 22331-30 25.06.2020 25.06.2020 Libro y Folleto Colección Dominicana de Servicio   e. 3  

Powered by Koha